Pečetě a znak města Čelákovic /

Hlavní autor: Hergesell, Jan, 1975-
Jazyk: Čeština
Vydáno: Čelákovice : Městské muzeum v Čelákovicích, 2024
Vydání: Vydání první
Edice: Čelákovické kapitoly
Témata:
Fyzický popis: 86 stran : ilustrace (převážně barevné), faksimile ; 21 cm
Language note: Anglické resumé
Knihy
Uloženo v:
LEADER 01858nam a2200529 i 4500
001 nkc20243638696
003 CZ PrNK
005 20250122144137.0
007 ta
008 241021s2024 xr ah e 000 0 cze
015 |a cnb003638696 
020 |a 978-80-87187-21-0  |q (brožováno) 
035 |a (OCoLC)1498299160 
040 |a ABA001  |b cze  |e rda 
041 0 |a cze  |b eng 
043 |a e-xr---  |b e-xr-st  |2 czenas 
072 7 |a 929.5/.9  |x Genealogie. Heraldika. Šlechta. Vlajky  |2 Konspekt  |9 8 
080 |a 736.3:911.375  |2 MRF 
080 |a 929.6:911.375  |2 MRF 
080 |a (437.312)  |2 MRF 
080 |a (048.8)  |2 MRF 
100 1 |a Hergesell, Jan,  |d 1975-  |7 ola2017958365  |4 aut 
245 1 0 |a Pečetě a znak města Čelákovic /  |c Jan Hergesell 
250 |a Vydání první 
264 1 |a Čelákovice :  |b Městské muzeum v Čelákovicích,  |c 2024 
300 |a 86 stran :  |b ilustrace (převážně barevné), faksimile ;  |c 21 cm 
336 |a text  |b txt  |2 rdacontent 
337 |a bez média  |b n  |2 rdamedia 
338 |a svazek  |b nc  |2 rdacarrier 
490 1 |a Čelákovické kapitoly ;  |v sv. 6 
500 |a 400 výtisků 
504 |a Obsahuje bibliografii a bibliografické odkazy 
546 |a Anglické resumé 
650 0 7 |a městské pečeti  |7 ph123108  |z Česko  |2 czenas 
650 0 7 |a městské znaky  |7 ph123111  |z Česko  |2 czenas 
650 0 9 |a town and city seals  |z Czechia  |2 eczenas 
650 0 9 |a city coat of arms  |z Czechia  |2 eczenas 
651 7 |a Čelákovice (Česko)  |7 ge131659  |2 czenas 
651 9 |a Čelákovice (Czechia)  |2 eczenas 
655 7 |a studie  |7 fd133597  |2 czenas 
655 9 |a studies  |2 eczenas 
830 0 |a Čelákovické kapitoly  |0 s 
910 2 |a BOA001  |b 2-1537.221 
990 |a BK 
995 |a 01 
991 |b 202501  |c NOV 
996 6 |b 2610989600  |c 2-1537.221  |l MZK  |r Sklad / do 1 hodiny  |n 0  |p p.v.  |w 001989018  |u 000010  |a 1  |e BOA001  |j MZK50  |s P